Lord of the Rings: Characters by Description - Statistics

General Stats
  • This quiz has been taken 180 times
  • The average score is 13 of 16
Answer Stats
Hair Eyes Height Race Gender Answer % Correct
Dark, flecked with grey Grey Tall Men Male Aragorn
96%
Brown Blue Short Hobbits Male Frodo
91%
Brown Brown Short Hobbits Male Sam
91%
Red Dark Short Dwarves Male Gimli
90%
Blonde Blue Tall Elves Male Legolas
89%
Brown Green Short Hobbits Male Merry
89%
Almost golden Green Short Hobbits Male Pippin
89%
Deep gold Blue Tall Elves Female Galadriel
88%
Grey or white Dark Medium Maiar Male Gandalf
88%
Dark Grey Tall Elves Male Elrond
87%
Pale gold Grey Tall Men Female Eowyn
85%
Dark Grey Tall Elves Female Arwen
83%
Dark Grey Tall Men Male Boromir
79%
Raven black Grey Tall Men Male Faramir
70%
Bright silver Blue Tall Elves Male Celeborn
67%
Brown Blue Medium Unknown Male Tom Bombadil
55%
No matching quizzes found
Score Distribution
Percent of People with Each Score
Percentile by Number Answered
Your Score History
You have not taken this quiz